1116 1138 1041 1295 1199 1425 1411 1477 1085 1800 1337 1502 1987 1968 1294 1268 1201 1957 1640 1588 1064 1984 1966 1830 1618 1687 1126 1101 1693 1978 1744 1397 1652 1186 1605 1130 1787 1145 1574 1803 1605 1148 1677 1843 1317 1357 1066 1005 1107 1009 1967 1382 1254 1504 1503 1020 1796 1839 1417 1843 1503 1796 1954 1287 1994 1774 1437 1712 1684 1519 1523 1295 1709 1792 1817 1861 1834 1889 1458 1848 1472 1411 1778 1599 1339 1648 1658 1180 1078 1493 1606 1215 1011 1226 1278 1921 1696 1658 1455 BCNSPRNW ULIB Ver.6.0+V

เปลี่ยนเป็นภาษาไทย

Change to English
 แสดงรายละเอียดบรรณานุกรม
  กลับหน้าหลัก

Brief Record : Get Marc (ISO 2709) : E-mail record : QR code < ปิดหน้าต่าง
LEADER : 00000nam 2200000uu 4500
001    13399122274
003     ULIB
008    130123s2552||||th 000 0 tha d
020    ^a9786160800629
050 04 ^aHD58.9^bว712ห
100 0  ^aวิโรจน์ ลักขณาอดิศร.
245 0  ^aหลุดจากกับดัก =^bBalanced scorecard /^cโดย วิโรจน์ ลักขณาอดิศร.
246 31 ^aBalanced scorecard
260    ^aกรุงเทพฯ :^bซีเอ็ดยูเคชั่น,^c2552.
300    ^a255 หน้า :^bภาพประกอบ ;^c21 ซม.
650  7 ^aการวางแผนเชิงกลยุทธ์.
650  7 ^aประสิทธิผลองค์กร^xการประเมิน.
850    ^aวิทยาลัยการบริหารรัฐกิจ.
945    ^p190^l0^i19789
999    ^aทศพร เกษรทอง
รายการนี้ยังไม่มีแท็ก
คุณยังไม่ได้ล็อกอิน คุณสามารถมีกิจกรรมร่วมกับเว็บไซต์ได้ แต่ต้องล็อกอินก่อน ::
  ล็อกอิน

รายการสื่อสารสนเทศ

ลำดับที่ ประเภท เลขเรียก/บาร์โค้ด สถานที่ สถานะ
1. การศึกษาทั่วไป
การศึกษาทั่วไป
HD58.9 ว712ห ฉ.1 
  Barcode: 19789
ห้องสมุดวิทยาเขตสวรรค์ประชารักษ์
►หนังสือทั่วไป
บนชั้น

รายการใกล้เคียง
    หัวเรื่อง [การวางแผนเชิงกลยุทธ์.]

BibComment


ยังไม่เคยถูกคอมเมนท์

คอมเมนท์ทรัพยากรรายการนี้
  คอมเมนท์: หลุดจากกับดัก B..


 Copyright 2026. Bcnsprnw @Library